000 00628nas a2200193 a 4500
001 000015792
005 20200929164144.0
008 100218c20099999dr mr1p o0 0spa d
040 _aDO-SdBNP
_bspa
043 _anwdr---
245 0 0 _aSectur.
260 _aSanto Domingo :
_bSecretaría de Estado de Turismo,
_c2009-.
300 _av. :
_bil. ;
_c30 cm.
310 _aMensual
362 0 _aAño 1. No. 1 (sep. 2009-)
500 _aÓrgano de difusión de la Secretaría de Estado de Turismo
650 4 _aTurismo
_zRepública Dominicana
_vPUBLICACIONES PERIÓDICAS
_934354
710 _aSecretaría de Estado de Turismo
_935548
999 _c15338
_d15338